| 000 | 00526nam a2200229 a 4500 | ||
|---|---|---|---|
| 001 | nice12345678 | ||
| 003 | IN_TiNIC | ||
| 005 | 20260116013140.0 | ||
| 008 | 050524s1970 lona grp 000 0 eng | ||
| 020 |
_a _c228.9 |
||
| 082 | 0 | 0 |
_a297.4 _bSHA7 |
| 100 | _aShah, Idries | ||
| 245 | _aWisdom of the Idiots | ||
| 260 |
_aLondon _bOctagon Press _c1970 |
||
| 300 | _a179p | ||
| 500 | _aincludes index and biblioraphy | ||
| 505 | 2 | _aIndex | |
| 700 | 1 | _aShah, Idries | |
| 902 | _bSRS | ||
| 942 | _cBK | ||
| 999 |
_c9863 _d9863 |
||